000 00669cab a2200265 4500
001 ABS53690
008 090401t1995 xxu||||| |||| 00| 0 eng d
035 _a(Sirsi) u5939
041 _aeng
100 _aRobinson, R.
245 _aDrains don`t have to be mains
260 _c1995
350 _a0
490 _aValuer (ISVA)
_v64(9) November 1995, 14-15(2)
520 _aDiscusses alternatives to mains sewers.
650 _aCESSPOOLS
650 _aDRAINAGE
650 _aMAINS DRAINAGE
650 _aREED BEDS
650 _aSEPTIC TANKS
650 _aSEWERAGE
690 _aBUILT ENVIRONMENT-CONSTRUCTION DESIGN
942 _n0
948 _c04/03/1997
999 _c3558
_d3558